Contratación estatal : (Registro nro. 39307)

Detalles MARC
000 -ENCABEZADO
Número de control [NR] 01325nam a2200289Ia 4500
005 - FECHA Y HORA DE LA ÚLTIMA TRANSACCIÓN
control field 20260429085141.0
008 - DE LONGITUD FIJA DE DATOS DE ELEMENTOS - INFORMACIÓN GENERAL
Elementos de longitud fija [NR] 130821s2024 ck a gr spa
020 ## - NUMERO INTERNACIONAL NORMALIZADO PARA LIBROS [R]
Número Internacional Normalizado del libro [NR] 9789588675978
020 ## - NUMERO INTERNACIONAL NORMALIZADO PARA LIBROS [R]
Número Internacional Normalizado del libro [NR] 9789587926590 (5a.Ed)
040 ## - FUENTE DE CATALOGACION [NR]
Agencia de catalogación original [NR] Co-BoUCM
Idioma de catalogación [NR] spa
Quien Cataloga Stefania Borbon (Modificó)
Quien Clasifica [Nuevo]
041 00 - CODIGO DE IDIOMA [R]
Código de idioma para texto/pista de sonido o título separado [R] Español
100 ## - ASIENTO PRINCIPAL--NOMBRE PERSONAL [NR]
Nombre personal [NR] Rosero Melo, Bertha Cecilia
ID Autoridad 67601
245 10 - MENCION DE TITULO [NR]
Título [NR] Contratación estatal :
Parte restante del título [NR] manual teórico - práctico /
Mención de responsabilidad, etc. [NR] Bertha Cecilia Rosero Melo ; prólogo de Adolfo José Mantilla Espinosa
250 ## - MENCION DE EDICION [NR]
Mención de edición [NR] 5a.Ed.
260 ## - PUBLICACION, DISTRIBUCION, ETC. (PIE DE IMPRENTA) [R]
Lugar de publicación, distribución, etc. [R] Bogotá (Colombia)
Nombre del editor, distribuidor, etc. [R] Ediciones de la U
Fecha de publicación, distribución, etc. [R] 2024
300 ## - DESCRIPCION FISICA [R]
Extensión [R] 414 páginas
Otros detalles físicos [NR] cuadros
504 ## - NOTA DE BIBLIOGRAFIA, ETC. [R]
Nota de bibliografía, etc. [NR] Incluye referencias bibliográficas
520 ## - NOTA DE RESUMEN, ETC. [R]
Nota de sumario, etc. [NR] Manual que aborda la estructura de la contratación estatal en Colombia, analizando las modalidades de selección, la normativa aplicable a las ESAL, y las recientes reformas legales sobre transparencia e inclusión en los procesos contractuales públicos.
650 04 - ASIENTO SECUNDARIO DE MATERIA - TERMINO TEMATICO [R]
Término temático o nombre geográfico como elemento de entrada [NR] Administración pública
9 (RLIN) 355
650 04 - ASIENTO SECUNDARIO DE MATERIA - TERMINO TEMATICO [R]
Término temático o nombre geográfico como elemento de entrada [NR] Contratos administrativos
9 (RLIN) 7452
650 04 - ASIENTO SECUNDARIO DE MATERIA - TERMINO TEMATICO [R]
Término temático o nombre geográfico como elemento de entrada [NR] Contratos públicos
9 (RLIN) 11849
650 04 - ASIENTO SECUNDARIO DE MATERIA - TERMINO TEMATICO [R]
Término temático o nombre geográfico como elemento de entrada [NR] Derecho privado
9 (RLIN) 437
650 04 - ASIENTO SECUNDARIO DE MATERIA - TERMINO TEMATICO [R]
9 (RLIN) 23675
Término temático o nombre geográfico como elemento de entrada [NR] Responsabilidad del Estado
700 ## - ASIENTO SECUNDARIO - NOMBRE PERSONAL [R]
Nombre personal [NR] Mantilla Espinosa, Adolfo José
9 (RLIN) 188900
Término de relación [R] prólogo
942 ## - ELEMENTOS DE ENTRADA AGREGADOS (KOHA)
Tipo de ítem principal el descrito en 300a Libro
Tema principal Derecho
Edición 5
Parte restante de la signatura top. R816c
Sistema de clasificación DEWEY
Clasificación 346.023
Existencias
Fecha de último préstamo Total préstamos Total Renewals Signatura topográfica Código de barras Prestado Última vez visto Ejemplar Price effective from Tipo de ítem Perdido Sistema de clasificación Dañado No prestable Tipo de ítem específico Suprimido Ubicación habitual Ubicación actual Localización Fecha de creación Forma de adquisición Costo Volúmen / Fascículo Costo de reposición
22/02/2021 52 8 346.023 R816c 100127956 17/09/2022 22/02/2021 Ej.1 03/02/2013 Libro   DEWEY     Libro   Claustro Claustro 3er piso 28/02/2013 Compra 24100.00    
16/05/2026 1   346.023 R816c 100175142   06/06/2026 Ej.1 28/04/2026 Libro   DEWEY     Libro   Claustro Claustro 3er piso 28/04/2026 Donación   5a.Ed. 26000.00